Applied Strength of Materials \ (Record no. 540452)

000 -LEADER
fixed length control field 01092cam a2200349 i 4500
001 - CONTROL NUMBER
control field 18979995
003 - CONTROL NUMBER IDENTIFIER
control field NUST
005 - DATE AND TIME OF LATEST TRANSACTION
control field 20211230181456.0
008 - FIXED-LENGTH DATA ELEMENTS--GENERAL INFORMATION
fixed length control field 160218s2017 flu 001 0 eng
010 ## - LIBRARY OF CONGRESS CONTROL NUMBER
LC control number 2016007413
020 ## - INTERNATIONAL STANDARD BOOK NUMBER
International Standard Book Number 9780815367697
038 ## - RECORD CONTENT LICENSOR
Staff Name SMME
040 ## - CATALOGING SOURCE
Original cataloging agency DLC
Language of cataloging eng
Transcribing agency DLC
Description conventions rda
Modifying agency DLC
042 ## - AUTHENTICATION CODE
Authentication code pcc
050 00 - LIBRARY OF CONGRESS CALL NUMBER
Classification number TA405
Item number .M68 2017
082 00 - DEWEY DECIMAL CLASSIFICATION NUMBER
Classification number 620.112
Edition number 23
Author Mark MOT
100 1# - MAIN ENTRY--PERSONAL NAME
Personal name Mott, Robert L.,
Relator term author.
9 (RLIN) 87181
245 10 - TITLE STATEMENT
Title Applied Strength of Materials \
Statement of responsibility, etc. Robert L. Mott, Joseph A. Untener.
250 ## - EDITION STATEMENT
Edition statement Sixth edition.
264 #1 - PRODUCTION, PUBLICATION, DISTRIBUTION, MANUFACTURE, AND COPYRIGHT NOTICE
Place of production, publication, distribution, manufacture India :
Name of producer, publisher, distributor, manufacturer CRC Press, Taylor & Francis Group,
Date of production, publication, distribution, manufacture, or copyright notice [2018]
300 ## - PHYSICAL DESCRIPTION
Extent xv, 834 pages ;
Dimensions 26 cm
336 ## - CONTENT TYPE
Content type term text
Content type code txt
Source rdacontent
337 ## - MEDIA TYPE
Media type term unmediated
Media type code n
Source rdamedia
338 ## - CARRIER TYPE
Carrier type term volume
Carrier type code nc
Source rdacarrier
500 ## - GENERAL NOTE
General note Includes index.
563 ## - BINDING INFORMATION
Binding note PB
650 #0 - SUBJECT ADDED ENTRY--TOPICAL TERM
Topical term or geographic name entry element Strength of materials.
9 (RLIN) 563
700 1# - ADDED ENTRY--PERSONAL NAME
Personal name Untener, Joseph A.,
Relator term author.
9 (RLIN) 87182
906 ## - LOCAL DATA ELEMENT F, LDF (RLIN)
a 7
b cbc
c orignew
d 1
e ecip
f 20
g y-gencatlg
942 ## - ADDED ENTRY ELEMENTS (KOHA)
Source of classification or shelving scheme
Koha item type Book
Holdings
Withdrawn status Lost status Source of classification or shelving scheme Damaged status Not for loan Permanent Location Current Location Shelving location Date acquired Total Checkouts Total Renewals Full call number Barcode Date last seen Date last checked out Price effective from Koha item type Public note
          School of Mechanical & Manufacturing Engineering (SMME) School of Mechanical & Manufacturing Engineering (SMME) General Stacks 10/26/2020 1 1 620.112 MOT SMME-3521 10/21/2021 02/01/2021 10/26/2020 Book Rack,40-Shelf,4
© 2023 Central Library, National University of Sciences and Technology. All Rights Reserved.